Statistics for Biggest Cities in Alaska

Click here to take the quiz!

General Stats

  • This quiz has been taken 9,274 times
    (5,468 since last reset)
  • The average score is 7 of 23

Answers on the Map

Answers color-coded by a green-red scale on the quiz's map according to % correct below.
Loading ...
 

Answer Stats

PopulationCity% Correct
291,538Anchorage
98%
32,113Juneau
93%
31,516Fairbanks
77%
3,866Nome
54%
4,488Barrow
46%
5,968Kodiak
32%
8,647Sitka
31%
10,529Wasilla
30%
8,289Ketchikan
30%
2,729Seward
23%
5,810Homer
22%
2,113North Pole
20%
4,497Unalaska
19%
3,834Valdez
19%
7,778Kenai
18%
6,493Bethel
16%
7,306Palmer
16%
3,266Kotzebue
13%
2,503Wrangell
12%
2,396Dillingham
11%
2,160Cordova
11%
4,689Soldotna
11%
2,390Houston
8%

Score Distribution

Percentile by Number Answered

Percent of People with Each Score

Your Score History

You have not taken this quiz since the last reset